[Event "C.to Provinciale RC 2011"]
[Site "Locri ITA"]
[Date "2010.12.28"]
[Round "5"]
[White "Cortale, Gabriele"]
[Black "Varano, Francesco"]
[Result "0-1"]
[WhiteElo "1485"]
[BlackElo "1599"]
[PlyCount "62"]
[EventDate "2010.12.26"]

1. d4 b6 2. c4 Nf6 3. Nc3 e6 4. Nf3 Bb7 5. e3 Bb4 6. Bd2 O-O 7. Be2 d5 8. O-O
Bd6 9. cxd5 Nxd5 10. Nxd5 Bxd5 11. Qc2 Nd7 12. e4 Bb7 13. e5 Be7 14. b4 Rc8 15.
Rac1 c5 16. Qb2 cxd4 17. Qxd4 Bxf3 18. Rxc8 Qxc8 19. Bxf3 Rd8 20. Rc1 Qb8 21.
Bc3 h6 22. Qe3 Bg5 23. Qe1 Bxc1 24. Qxc1 Nxe5 25. Be2 Qc7 26. Ba6 Nd3 27. Qa3
Qf4 28. f3 Qe3+ 29. Kh1 Nf2+ 30. Kg1 Nd1+ 31. Kf1 Qf2# 0-1

[Event "C.to Provinciale RC 2011"]
[Site "Locri ITA"]
[Date "2010.12.28"]
[Round "5"]
[White "Valotta, Massimiliano"]
[Black "Quattrone, Andrea"]
[Result "1-0"]
[WhiteElo "1856"]
[BlackElo "1479"]
[PlyCount "169"]
[EventDate "2010.12.26"]

1. d4 d5 2. c4 c6 3. Nc3 Nf6 4. e3 e6 5. a3 Be7 6. Bd3 dxc4 7. Bxc4 O-O 8. Nf3
Qc7 9. O-O Nbd7 10. e4 e5 11. d5 cxd5 12. Bxd5 a6 13. Bg5 h6 14. Bh4 Nb8 15.
Bg3 Nc6 16. Bxc6 Qxc6 17. Nxe5 Qd6 18. f4 b5 19. f5 Qb6+ 20. Bf2 Bc5 21. Nd3
Bxf2+ 22. Nxf2 Bb7 23. Kh1 Rfe8 24. Qe2 Qc6 25. Rae1 Re7 26. Qf3 Rae8 27. h3
Ba8 28. Re2 Bb7 29. Rfe1 Ba8 30. Nd5 Nxd5 31. exd5 Qb7 32. Rxe7 Rxe7 33. Rxe7
Qxe7 34. Ng4 Qc5 35. b4 Qxd5 36. Qxd5 Bxd5 37. Ne3 Be4 38. Kg1 Kf8 39. Kf2 Ke7
40. Kg3 g6 41. Kf4 Bb7 42. fxg6 fxg6 43. Ke5 Bc6 44. g4 h5 45. g5 h4 46. Ng4
Bg2 47. Nf2 Bf1 48. Kd5 Kd7 49. Ng4 Bg2+ 50. Kc5 Ke6 51. Kb6 Bxh3 52. Nf2 Bg2
53. Kxa6 Bf1 54. Ng4 h3 55. Kb6 Be2 56. Nf2 Kf5 57. Nxh3 Kg4 58. Ng1 Bc4 59.
Kc5 Bf1 60. Kd4 Kxg5 61. Ke4 Kg4 62. Ke3 Kg3 63. Nf3 Bg2 64. Nd4 Bf1 65. Ne6
Bc4 66. Ng5 Kg4 67. Nf3 g5 68. Ne5+ Kh3 69. Kf2 g4 70. Kg1 Kg3 71. a4 Be2 72.
a5 Kf4 73. Kf2 Kxe5 74. Kxe2 Kd5 75. Ke3 Ke5 76. Kf2 Kd5 77. Kg3 Kc6 78. Kxg4
Kd6 79. Kf4 Kd5 80. Ke3 Kc6 81. Ke4 Kd6 82. Kd4 Kc6 83. Ke5 Kc7 84. Kd5 Kb7 85.
Kc5 1-0

[Event "C.to Provinciale RC 2011"]
[Site "Locri ITA"]
[Date "2010.12.28"]
[Round "6"]
[White "Femia, Diego"]
[Black "Futia, Mario"]
[Result "1-0"]
[WhiteElo "1386"]
[BlackElo "1389"]
[PlyCount "85"]
[EventDate "2010.12.26"]

1. e4 Nc6 2. Nf3 e5 3. Nc3 Nf6 4. Bc4 d6 5. Ng5 Be6 6. Bxe6 fxe6 7. Nxe6 Qe7 8.
Nd5 Nxd5 9. exd5 Nb4 10. c3 Nxd5 11. Qg4 Nf6 12. Qc4 Rc8 13. O-O d5 14. Qa4+ c6
15. Ng5 b5 16. Qd1 h6 17. Nh3 d4 18. cxd4 exd4 19. Re1 Ne4 20. d3 Qf6 21. Rxe4+
Be7 22. b3 O-O 23. Rf4 Qe5 24. Bd2 g5 25. Rf3 Bd6 26. g3 g4 27. Rxf8+ Rxf8 28.
Nf4 Qf5 29. Rc1 Qd7 30. a4 a6 31. axb5 cxb5 32. Ng6 Qf7 33. Nxf8 Qxf8 34. Qxg4+
Kh7 35. Qe4+ Kg8 36. Rc6 a5 37. Rxd6 Qxd6 38. Bxa5 Qa3 39. Bb6 Qxb3 40. Bxd4
Qd1+ 41. Kg2 b4 42. Qe5 Qxd3 43. Qg7# 1-0

[Event "C.to Provinciale RC 2011"]
[Site "Locri ITA"]
[Date "2010.12.28"]
[Round "6"]
[White "Mercuri, Delia"]
[Black "Arcidiaco, Francesco"]
[Result "1-0"]
[WhiteElo "1571"]
[BlackElo "1602"]
[PlyCount "105"]
[EventDate "2010.12.26"]

1. e4 e5 2. Nf3 Nc6 3. Bb5 a6 4. Ba4 Nf6 5. O-O b5 6. Bb3 Be7 7. Re1 d6 8. h3
Na5 9. c3 Nxb3 10. Qxb3 Be6 11. Qc2 O-O 12. d4 exd4 13. Nxd4 Bd7 14. Bf4 Re8
15. Nd2 Bf8 16. N2f3 c5 17. Nf5 Bc6 18. Ng3 g6 19. Rad1 Qc7 20. Nd2 Rad8 21.
Nb3 Qb7 22. f3 Qc7 23. Qc1 Nd7 24. Qd2 Ne5 25. Qf2 c4 26. Nd4 Nd3 27. Rxd3 cxd3
28. Rd1 Qb6 29. Be3 Qb7 30. Bf4 Rc8 31. Rxd3 b4 32. c4 a5 33. b3 Red8 34. Qd2
a4 35. Nc2 axb3 36. axb3 Be8 37. Nf1 Rb8 38. Kh1 Qb6 39. Be3 Qa5 40. Bf4 Be7
41. Nfe3 f6 42. Nd5 Rd7 43. Nd4 Kf7 44. Kh2 Qc5 45. Nb5 g5 46. Bg3 h5 47. h4
gxh4 48. Bxh4 Bf8 49. Qf4 Bg7 50. Qf5 Kg8 51. Qe6+ Rf7 52. Nxd6 Qc6 53. Ne7+
1-0

[Event "C.to Provinciale RC 2011"]
[Site "Locri ITA"]
[Date "2010.12.28"]
[Round "6"]
[White "Quattrone, Andrea"]
[Black "Cortale, Gabriele"]
[Result "1-0"]
[WhiteElo "1479"]
[BlackElo "1485"]
[PlyCount "29"]
[EventDate "2010.12.26"]

1. e4 Nc6 2. d4 e6 3. Nf3 g6 4. Be2 Bg7 5. O-O d5 6. exd5 Qxd5 7. Nc3 Qd7 8.
Be3 Nge7 9. Ne4 b6 10. c3 O-O 11. Qd2 e5 12. Bh6 Bxh6 13. Qxh6 f6 14. Bc4+ Kh8
15. Qxf8+ 1-0

[Event "C.to Provinciale RC 2011"]
[Site "Locri ITA"]
[Date "2010.12.28"]
[Round "6"]
[White "Varano, Francesco"]
[Black "Valotta, Massimiliano"]
[Result "0-1"]
[WhiteElo "1599"]
[BlackElo "1856"]
[PlyCount "98"]
[EventDate "2010.12.26"]

1. c4 c5 2. g3 e5 3. Bg2 Nc6 4. Nc3 Nge7 5. e3 f5 6. Bd5 Nb4 7. d3 Nbxd5 8.
cxd5 d6 9. e4 Bd7 10. Rb1 a5 11. h4 b5 12. a4 b4 13. Nce2 Ng8 14. Bg5 Nf6 15.
Nc1 h6 16. Bxf6 Qxf6 17. Nf3 fxe4 18. Nd2 exd3 19. Nxd3 Bf5 20. Qb3 Be7 21. Rc1
O-O 22. f3 Qg6 23. Nxe5 dxe5 24. g4 c4 25. Rxc4 Bd7 26. d6 Bxd6 27. Rc7+ Be6
28. h5 Bxb3 29. hxg6 Bxc7 30. Nxb3 Rxf3 31. Nc5 Bb6 32. Ne6 Rf6 33. g5 Rxe6 34.
gxh6 Rxg6 35. h7+ Kh8 36. Ke2 Rh6 37. Rc1 Rh2+ 38. Kf3 Rxb2 39. Ke4 Bd4 40. Kf5
Ra6 41. Ke4 Rd2 42. Rf1 b3 43. Kd5 b2 44. Kc4 Rb6 45. Rg1 Bxg1 46. Kc3 Rbd6 47.
Kc4 b1=Q 48. Kc3 Qb2+ 49. Kc4 Qb4# 0-1

[Event "C.to Provinciale MO 2011"]
[Site "Modena ITA"]
[Date "2010.12.10"]
[Round "1"]
[White "Ballista, Massimiliano"]
[Black "Di Trapani, Davide"]
[Result "0-1"]
[WhiteElo "1613"]
[BlackElo "2000"]
[PlyCount "66"]
[EventDate "2010.12.10"]

1. e4 e5 2. Nf3 Nc6 3. Bc4 Bc5 4. d3 Nf6 5. c3 O-O 6. O-O d5 7. exd5 Nxd5 8.
Re1 Bg4 9. Bb3 Nf6 10. Bc2 Bd6 11. Nbd2 Qd7 12. Nc4 Rae8 13. h3 Bh5 14. Bg5 Qd8
15. Ne3 h6 16. Bh4 g5 17. Bg3 Nd7 18. Bh2 f5 19. g4 fxg4 20. Nxg4 Bxg4 21. hxg4
Qf6 22. Kg2 e4 23. dxe4 Nde5 24. Nxe5 Qxf2+ 25. Kh1 Bxe5 26. Bxe5 Nxe5 27. Rf1
Qh4+ 28. Kg1 Qg3+ 29. Kh1 Qh3+ 30. Kg1 Nf3+ 31. Rxf3 Rxf3 32. Qd5+ Kf8 33. Bb3
Qxg4+ 0-1

[Event "C.to Provinciale MO 2011"]
[Site "Modena ITA"]
[Date "2010.12.10"]
[Round "1"]
[White "Cambi, Enrico"]
[Black "Vezzelli, Francesco"]
[Result "1/2-1/2"]
[WhiteElo "1557"]
[BlackElo "1904"]
[PlyCount "68"]
[EventDate "2010.12.10"]

1. e4 c5 2. Nc3 e6 3. g3 Nc6 4. Bg2 Nf6 5. d3 Be7 6. f4 d6 7. Nf3 a6 8. Be3 Qc7
9. h3 b5 10. O-O Bb7 11. Ne2 e5 12. fxe5 dxe5 13. Nh4 Bc8 14. Nc3 h6 15. Nf5
Bxf5 16. Rxf5 Nd4 17. Rf2 O-O 18. Qd2 Kh7 19. Raf1 Rad8 20. Nd5 Nxd5 21. exd5
f6 22. c3 b4 23. cxd4 cxd4 24. Bxh6 gxh6 25. Be4+ Kg7 26. Qe2 Qd7 27. Qh5 Qe8
28. Qg4+ Kh8 29. Bg6 Qd7 30. Qh5 Kg7 31. Be4 Qe8 32. Qg4+ Kh8 33. Bg6 Qd7 34.
Qh5 Kg7 1/2-1/2

[Event "C.to Provinciale MO 2011"]
[Site "Modena ITA"]
[Date "2010.12.10"]
[Round "1"]
[White "Carbone, Jacopo"]
[Black "Rovatti, Guido"]
[Result "0-1"]
[WhiteElo "1392"]
[BlackElo "1695"]
[PlyCount "79"]
[EventDate "2010.12.10"]

1. e4 c5 2. Nf3 d6 3. Bb5+ Bd7 4. Bxd7+ Qxd7 5. d3 Nc6 6. Bf4 g6 7. O-O Bg7 8.
c3 e6 9. Re1 Nge7 10. Bg5 O-O 11. Nbd2 Rfe8 12. Nb3 b6 13. d4 c4 14. Nbd2 d5
15. e5 h6 16. Bxe7 Qxe7 17. b3 cxb3 18. axb3 Rec8 19. Qc1 Nb4 20. Ra4 Nd3 21.
Qc2 Nxe1 22. Nxe1 Qc7 23. c4 b5 24. Rb4 bxc4 25. bxc4 dxc4 26. Rxc4 Qd7 27.
Nef3 Rxc4 28. Nxc4 Rc8 29. Qd3 Qa4 30. g4 Qxc4 31. Qxc4 Rxc4 32. Nd2 Rxd4 33.
Nb3 Rxg4+ 34. Kf1 Bxe5 35. f3 Rb4 36. Nc5 a5 37. h3 a4 38. Nd3 Rb1+ 39. Ke2 a3
40. Kd2 0-1

[Event "C.to Provinciale MO 2011"]
[Site "Modena ITA"]
[Date "2010.12.10"]
[Round "1"]
[White "Carletti, Davide M."]
[Black "Minelli, Giancarlo"]
[Result "1-0"]
[WhiteElo "1685"]
[BlackElo "1386"]
[PlyCount "127"]
[EventDate "2010.12.10"]

1. e4 e5 2. Nf3 Nc6 3. Bc4 Nf6 4. d3 Be7 5. O-O Na5 6. Nxe5 Nxc4 7. Nxc4 c6 8.
Ncd2 O-O 9. Re1 Re8 10. Nf3 Bc5 11. Bg5 Qb6 12. d4 Qxb2 13. c3 Qxa1 14. Qc2
Rxe4 15. Rxe4 Nxe4 16. Qxe4 h6 17. dxc5 Qxa2 18. Be3 a5 19. Nfd2 a4 20. Nc4 d5
21. cxd6 Be6 22. Nca3 Qb3 23. Qc2 b5 24. h3 Rc8 25. Kh2 c5 26. Qxb3 axb3 27.
Nxb5 Bf5 28. N5a3 c4 29. g4 Be6 30. Bb6 Rc6 31. Bc7 g5 32. Nb5 Ra6 33. N5a3 f5
34. f3 fxg4 35. hxg4 Kf7 36. Kg3 Ra8 37. Kf2 Kg6 38. Kg3 Rf8 39. Nxc4 Bxc4 40.
d7 Bd3 41. Nd2 b2 42. d8=Q Rxd8 43. Bxd8 Kf7 44. Kf2 Ke6 45. Ke3 Bg6 46. c4 Kd6
47. Bf6 b1=Q 48. Nxb1 Bxb1 49. Bg7 Ba2 50. Bxh6 Bxc4 51. Bxg5 Ke6 52. f4 Bd5
53. Bh4 Kf7 54. f5 Kg7 55. Kf4 Bf7 56. Ke5 Kh6 57. Kf6 Ba2 58. Ke7 Kg7 59. g5
Bf7 60. Bf2 Kg8 61. Kf6 Bh5 62. g6 Kh8 63. Kf7 Bg4 64. Bd4# 1-0

[Event "C.to Provinciale MO 2011"]
[Site "Modena ITA"]
[Date "2010.12.10"]
[Round "1"]
[White "Castelli, Antonio"]
[Black "Petrella, Simone"]
[Result "1-0"]
[WhiteElo "1703"]
[BlackElo "1413"]
[PlyCount "87"]
[EventDate "2010.12.10"]

1. e4 e5 2. f4 Nc6 3. Nf3 d6 4. fxe5 dxe5 5. Bc4 Nf6 6. Ng5 Bg4 7. Nf3 Nxe4 8.
d3 Nf6 9. O-O Bc5+ 10. Kh1 O-O 11. Bg5 Qe7 12. Nc3 Qd6 13. Bxf6 Qxf6 14. Ne4
Qe7 15. Qd2 Bxf3 16. Rxf3 Nd4 17. Rff1 Rad8 18. Rae1 Kh8 19. Bxf7 Rxf7 20. Rxf7
Qxf7 21. Nxc5 Rf8 22. h3 Nc6 23. b3 Qf2 24. Qxf2 Rxf2 25. Nxb7 Rxc2 26. d4 Nxd4
27. Rxe5 g6 28. Ra5 Nc6 29. Ra4 Kg7 30. Na5 a6 31. Nxc6 Rxc6 32. Kg1 Kf7 33.
Kf2 Ke7 34. Kf3 Kf6 35. h4 h6 36. g4 g5 37. h5 Ke6 38. Ke4 Rd6 39. Rd4 Rxd4+
40. Kxd4 Kd6 41. b4 c6 42. a4 Kd7 43. Kc5 Kc7 44. a5 1-0

[Event "C.to Provinciale MO 2011"]
[Site "Modena ITA"]
[Date "2010.12.10"]
[Round "1"]
[White "Dionigi, Riccardo"]
[Black "Degli Esposti, Eugenio"]
[Result "1-0"]
[WhiteElo "1809"]
[BlackElo "1461"]
[PlyCount "50"]
[EventDate "2010.12.10"]

1. d4 Nf6 2. c4 d6 3. Nc3 g6 4. e4 Bg7 5. f3 Nbd7 6. Be3 O-O 7. Nge2 c5 8. Ng3
b6 9. Be2 Bb7 10. O-O cxd4 11. Bxd4 Nc5 12. Rc1 Qd7 13. Qd2 Rad8 14. Rfd1 Bc6
15. Qe3 Ne6 16. Bxf6 Bxf6 17. f4 Qc7 18. Nd5 Qb7 19. Nxf6+ exf6 20. Bf3 Rfe8
21. b4 Ng7 22. b5 Bxe4 23. Nxe4 Kf8 24. Qd3 Qe7 25. Nc3 f5 1-0

[Event "C.to Provinciale MO 2011"]
[Site "Modena ITA"]
[Date "2010.12.10"]
[Round "1"]
[White "Faglioni, Isacco"]
[Black "De Biaggi, Paolo"]
[Result "0-1"]
[WhiteElo "1476"]
[BlackElo "1884"]
[PlyCount "68"]
[EventDate "2010.12.10"]

1. e4 e5 2. Nf3 Nf6 3. Nxe5 d6 4. Nf3 Nxe4 5. Bc4 d5 6. Bb3 Be7 7. d4 O-O 8.
O-O b5 9. Bf4 a5 10. a4 b4 11. Nbd2 Bg4 12. h3 Nxd2 13. Bxd2 Bh5 14. Qe2 Re8
15. Rfe1 c6 16. Bg5 f6 17. Bh4 Nd7 18. Qe6+ Kh8 19. Re3 Rc8 20. Rae1 Bc5 21.
Qf5 Rxe3 22. Rxe3 Bxf3 23. Rxf3 Bxd4 24. c3 Be5 25. Bc2 Nf8 26. Re3 Qd7 27. Qh5
bxc3 28. bxc3 Rb8 29. Bg3 Bxg3 30. Rxg3 Re8 31. Bf5 Re1+ 32. Kh2 Qe7 33. Re3
Rxe3 34. fxe3 g6 0-1

[Event "C.to Provinciale MO 2011"]
[Site "Modena ITA"]
[Date "2010.12.10"]
[Round "1"]
[White "Franchini, Gabriele"]
[Black "Megli, Massimo"]
[Result "0-1"]
[WhiteElo "2159"]
[BlackElo "1684"]
[PlyCount "74"]
[EventDate "2010.12.10"]

1. e4 c5 2. c3 e6 3. Nf3 Nc6 4. d4 d5 5. e5 Nge7 6. Bd3 cxd4 7. cxd4 Ng6 8. h4
Bb4+ 9. Kf1 Bd7 10. h5 Nge7 11. a3 Ba5 12. b4 Bb6 13. Be3 Nf5 14. Nbd2 Ncxd4
15. Nxd4 Bxd4 16. Bxd4 Nxd4 17. Qg4 Qb6 18. Rh4 Nc6 19. Qxg7 O-O-O 20. Nf3 Kb8
21. Rf4 f5 22. b5 Na5 23. Rb4 Qc5 24. Qg5 Qc3 25. Rd1 Qxa3 26. Qd2 Nc4 27. Bxc4
dxc4 28. Rxc4 Qb3 29. Rd4 Bxb5+ 30. Kg1 Rdg8 31. Ne1 Bc6 32. Qa5 Bd5 33. Ra1 a6
34. Ra3 Qb1 35. Kh2 Rg5 36. Rh3 Qb2 37. Qc3 Qxf2 0-1

[Event "C.to Provinciale MO 2011"]
[Site "Modena ITA"]
[Date "2010.12.10"]
[Round "1"]
[White "Menduni, Alessandro"]
[Black "Simonini, Mattia"]
[Result "0-1"]
[WhiteElo "1446"]
[BlackElo "1778"]
[PlyCount "60"]
[EventDate "2010.12.10"]

1. e4 c6 2. Nc3 d5 3. d3 e5 4. g3 Bb4 5. Bd2 Nf6 6. Bg2 d4 7. Nce2 Bxd2+ 8.
Qxd2 c5 9. Nf3 Nc6 10. Qg5 Nb4 11. O-O O-O 12. Rfc1 Nd7 13. Qxd8 Rxd8 14. c3
Nxd3 15. Rc2 b6 16. cxd4 exd4 17. Bh3 N7e5 18. Bxc8 Nxf3+ 19. Kg2 Nfe1+ 20.
Rxe1 Nxe1+ 21. Kf1 Nxc2 22. Bb7 Rab8 23. Ba6 b5 24. Nc1 Rb6 25. Bxb5 Rxb5 26.
Nd3 c4 27. Nf4 d3 28. a4 Rxb2 29. e5 d2 30. Ke2 d1=Q# 0-1

[Event "C.to Provinciale MO 2011"]
[Site "Modena ITA"]
[Date "2010.12.10"]
[Round "1"]
[White "Molinari, Enzo"]
[Black "Zuccaro, Guido"]
[Result "1-0"]
[WhiteElo "1422"]
[BlackElo "1720"]
[PlyCount "71"]
[EventDate "2010.12.10"]

1. d4 d5 2. Bf4 Nf6 3. e3 Bf5 4. Nf3 e6 5. c4 Bb4+ 6. Nbd2 Ne4 7. Be2 c6 8. O-O
Nxd2 9. Nxd2 O-O 10. c5 b6 11. Nb3 bxc5 12. dxc5 Nd7 13. Bd6 Re8 14. Rc1 e5 15.
Bg4 Bxg4 16. Qxg4 Ba5 17. Nxa5 Nxc5 18. Bxc5 Qxa5 19. b4 Qxa2 20. Ra1 Qc2 21.
Rxa7 Rxa7 22. Bxa7 Qa4 23. Qd7 Ra8 24. Bc5 h6 25. Qf5 Re8 26. h4 Re6 27. h5 Qa8
28. g4 Qd8 29. Ra1 g6 30. hxg6 Rxg6 31. Ra7 Qe8 32. Re7 Qf8 33. Rxe5 Qg7 34.
Re8+ Kh7 35. Bd4 f6 36. Bc5 1-0

[Event "C.to Provinciale MO 2011"]
[Site "Modena ITA"]
[Date "2010.12.10"]
[Round "1"]
[White "Setti, Roberto"]
[Black "Wang, Cesare"]
[Result "1-0"]
[WhiteElo "1901"]
[BlackElo "1488"]
[PlyCount "59"]
[EventDate "2010.12.10"]

1. d4 d5 2. c4 c6 3. Nf3 Nf6 4. e3 Bf5 5. Qb3 Qc7 6. Nc3 e6 7. Nh4 Be4 8. f3
Bf5 9. Nxf5 exf5 10. cxd5 cxd5 11. Nxd5 Nxd5 12. Qxd5 g6 13. Bb5+ Nc6 14. Bd2
Bg7 15. Rc1 Rc8 16. Qc5 Qd8 17. O-O Bf8 18. Qe5+ Qe7 19. Qxh8 a6 20. Ba4 b5 21.
Bb3 Qh4 22. d5 Kd7 23. dxc6+ Rxc6 24. Qxf8 Rxc1 25. Rxc1 Qf6 26. Bc3 Qb6 27.
Rd1+ Kc7 28. Be5+ Kb7 29. Bd5+ Ka7 30. Qa8# 1-0

[Event "C.to Provinciale MO 2011"]
[Site "Modena ITA"]
[Date "2010.12.10"]
[Round "1"]
[White "Venturelli, Giuseppe"]
[Black "Vincenzi, Marco"]
[Result "0-1"]
[WhiteElo "1677"]
[BlackElo "2097"]
[PlyCount "88"]
[EventDate "2010.12.10"]

1. d4 Nf6 2. c4 g6 3. Nc3 d5 4. Bf4 Bg7 5. e3 c5 6. Nf3 O-O 7. Be2 cxd4 8. Nxd4
dxc4 9. Bxc4 Qa5 10. Nb3 Qb4 11. Qd4 Nc6 12. Qc5 Nh5 13. Qxb4 Nxb4 14. O-O Nxf4
15. exf4 Bf5 16. a3 Bd3 17. Bxd3 Nxd3 18. Rab1 Nxf4 19. Rfe1 e6 20. Rbd1 Rfd8
21. Rxd8+ Rxd8 22. Rd1 Rxd1+ 23. Nxd1 b6 24. Nd2 Kf8 25. g3 Nd5 26. Kf1 Ke7 27.
Ke2 f5 28. Kd3 b5 29. Nb3 Kd6 30. Nd4 a6 31. b4 e5 32. Nb3 e4+ 33. Ke2 Nb6 34.
Nc5 Nc4 35. a4 bxa4 36. Nxa4 Kc6 37. Nc5 Kb5 38. Ne3 Nxe3 39. fxe3 Bf8 40. Ne6
Bxb4 41. g4 fxg4 42. Ng5 Bd6 43. Nxh7 Be7 44. Kd2 Kc4 0-1

[Event "C.to Provinciale MO 2011"]
[Site "Modena ITA"]
[Date "2010.12.10"]
[Round "1"]
[White "Venturelli, Sara"]
[Black "Garofalo, Sergio"]
[Result "0-1"]
[WhiteElo "1455"]
[BlackElo "1805"]
[PlyCount "52"]
[EventDate "2010.12.10"]

1. e4 e5 2. Nf3 Nc6 3. Bc4 Nf6 4. Nc3 Bc5 5. d3 Qe7 6. O-O h6 7. Be3 O-O 8. d4
Bb6 9. a3 d6 10. h3 Bd7 11. Qd3 Rae8 12. d5 Nd8 13. Rad1 Nh5 14. Bb5 Nf4 15.
Bxf4 exf4 16. Rfe1 f6 17. Nh4 Bxb5 18. Nxb5 Qd7 19. Ng6 Nf7 20. Nxf8 Rxf8 21.
Nd4 Ne5 22. Qc3 Bxd4 23. Qxd4 f3 24. Qe3 f5 25. g3 f4 26. Qd2 Qxh3 0-1

[Event "C.to Provinciale MO 2011"]
[Site "Modena ITA"]
[Date "2010.12.10"]
[Round "1"]
[White "Verrelli, Adriano"]
[Black "Di Trapani, Luigi"]
[Result "0-1"]
[WhiteElo "1911"]
[BlackElo "1610"]
[PlyCount "58"]
[EventDate "2010.12.10"]

1. e4 d6 2. d4 Nf6 3. Nc3 c6 4. Bc4 b5 5. Be2 b4 6. Na4 Nxe4 7. d5 Nf6 8. dxc6
Nxc6 9. Bg5 Qa5 10. Bxf6 gxf6 11. b3 Bg7 12. Nb2 f5 13. Nc4 Bc3+ 14. Kf1 Qc7
15. Rb1 a5 16. Nf3 Bb7 17. Qd3 f4 18. Ng5 Rg8 19. Qf5 Bf6 20. Nxh7 Nd4 21.
Nxf6+ exf6 22. Qxf4 Bxg2+ 23. Ke1 Bxh1 24. Qxd4 Rg1+ 25. Bf1 O-O-O 26. Qxf6 Bg2
27. Ke2 Re8+ 28. Ne3 Qxc2+ 29. Ke1 Rxf1# 0-1

[Event "C.to Provinciale MO 2011"]
[Site "Modena ITA"]
[Date "2010.12.11"]
[Round "2"]
[White "De Biaggi, Paolo"]
[Black "Carletti, Davide M."]
[Result "1-0"]
[WhiteElo "1884"]
[BlackElo "1685"]
[PlyCount "49"]
[EventDate "2010.12.10"]

1. e4 e5 2. Nf3 Nc6 3. d4 exd4 4. Nxd4 Bc5 5. Nxc6 Qf6 6. Qd2 dxc6 7. Bd3 Ne7
8. O-O O-O 9. Kh1 Ng6 10. f4 Re8 11. Nc3 Bd7 12. e5 Qe7 13. Ne4 Bf5 14. Qe2 Bb6
15. Bd2 c5 16. Rae1 c4 17. Nf6+ gxf6 18. Bxf5 fxe5 19. fxe5 Qxe5 20. Qxc4 Qd5
21. Rxe8+ Kg7 22. Bc3+ f6 23. Bxf6+ Kh6 24. Qg4 Bf2 25. Qg5# 1-0

[Event "C.to Provinciale MO 2011"]
[Site "Modena ITA"]
[Date "2010.12.11"]
[Round "2"]
[White "Di Trapani, Davide"]
[Black "Sacchetti, Andrea"]
[Result "1-0"]
[WhiteElo "2000"]
[BlackElo "1742"]
[PlyCount "41"]
[EventDate "2010.12.10"]

1. e4 e5 2. Nf3 d6 3. d4 exd4 4. Qxd4 a6 5. Bg5 Nf6 6. Nc3 Nc6 7. Qd2 Be7 8.
O-O-O Bg4 9. h3 Bxf3 10. gxf3 b5 11. f4 O-O 12. Bd3 Nd7 13. Rdg1 Nc5 14. Nd5
Bxg5 15. Rxg5 Nd4 16. Rhg1 Nxd3+ 17. Qxd3 Ne6 18. Rxg7+ Kh8 19. Qc3 f6 20. Qg3
c6 21. Rxh7+ 1-0

[Event "C.to Provinciale MO 2011"]
[Site "Modena ITA"]
[Date "2010.12.11"]
[Round "2"]
[White "Di Trapani, Luigi"]
[Black "Cambi, Enrico"]
[Result "1/2-1/2"]
[WhiteElo "1610"]
[BlackElo "1557"]
[PlyCount "95"]
[EventDate "2010.12.10"]

1. d4 Nf6 2. Nf3 g6 3. c4 c5 4. e3 Bg7 5. Bd3 O-O 6. O-O d6 7. Qc2 Nc6 8. a3 e6
9. Nbd2 a5 10. b3 b6 11. Bb2 Bb7 12. Nb1 Nb8 13. Be2 Nbd7 14. Nc3 cxd4 15. exd4
d5 16. Nb5 Ba6 17. a4 Bxb5 18. axb5 Qc7 19. Ra4 Rfc8 20. Rfa1 Rab8 21. Nd2 h5
22. h3 Qf4 23. Qd3 Qc7 24. Bc1 Ne8 25. Nf3 Ndf6 26. Ne5 Ne4 27. Nc6 Rb7 28. Ba3
N8d6 29. Rb1 Nf6 30. Qc2 Kh7 31. Bc1 Nf5 32. Ba3 Nd6 33. Ne5 Nf5 34. Bb2 Ne4
35. Bf3 Bxe5 36. dxe5 Nc5 37. Ra3 Rbb8 38. Rc1 Nd7 39. Ra2 Nxe5 40. Qe2 Nxf3+
41. Qxf3 dxc4 42. bxc4 Qd8 43. Qc3 Qg8 44. Qf6 Qg7 45. Qg5 Qh6 46. Qf6 Qg7 47.
Qg5 Qh6 48. Qf6 1/2-1/2

[Event "C.to Provinciale MO 2011"]
[Site "Modena ITA"]
[Date "2010.12.11"]
[Round "2"]
[White "Garofalo, Sergio"]
[Black "Tazzioli, Luca"]
[Result "0-1"]
[WhiteElo "1805"]
[BlackElo "1673"]
[PlyCount "104"]
[EventDate "2010.12.10"]

1. d4 d5 2. Nf3 e6 3. e3 Nf6 4. b3 Be7 5. Bb2 O-O 6. Bd3 b6 7. Nbd2 Bb7 8. O-O
Nbd7 9. Qe2 c5 10. a3 Rc8 11. Rad1 Qc7 12. Ne5 Ne4 13. Nxd7 Qxd7 14. dxc5 Nxc5
15. Qg4 f6 16. Be2 e5 17. Qxd7 Nxd7 18. c4 Nc5 19. cxd5 Bxd5 20. b4 Na4 21. e4
Nxb2 22. exd5 Nxd1 23. Bxd1 Rfd8 24. Bg4 Rc3 25. Be6+ Kf8 26. f4 exf4 27. Rxf4
Rxa3 28. Nc4 Ra1+ 29. Kf2 Bxb4 30. Ke2 a5 31. Rh4 h6 32. Nxb6 Re1+ 33. Kf3 Rd6
34. Nc4 Rdxe6 35. dxe6 Rxe6 36. Rh5 Ra6 37. Rb5 Kf7 38. Ne3 Bf8 39. Nd5 a4 40.
Rb7+ Kg6 41. Nf4+ Kh7 42. h4 a3 43. Rb1 a2 44. Ra1 Bd6 45. Nd3 Ra3 46. Ke2 Be5
47. Nxe5 fxe5 48. Kf2 Kg6 49. g4 e4 50. Kg2 Kf6 51. Rf1+ Ke5 52. Ra1 Kf4 0-1

[Event "C.to Provinciale MO 2011"]
[Site "Modena ITA"]
[Date "2010.12.11"]
[Round "2"]
[White "Mantovani, Enrico"]
[Black "Venturelli, Sara"]
[Result "0-1"]
[WhiteElo "1745"]
[BlackElo "1455"]
[PlyCount "82"]
[EventDate "2010.12.10"]

1. d4 d5 2. c4 Nf6 3. cxd5 Nxd5 4. Nc3 Be6 5. e4 Nxc3 6. bxc3 c6 7. Bd3 g6 8.
Ne2 Bg7 9. O-O O-O 10. Be3 Qa5 11. Qd2 Nd7 12. Nf4 Rad8 13. Qc2 Nb6 14. Nxe6
fxe6 15. Qb3 Rd6 16. f4 Qa4 17. e5 Qxb3 18. axb3 Nd5 19. exd6 Nxe3 20. Rf3 Nd5
21. dxe7 Re8 22. Rxa7 Rxe7 23. Ra8+ Kf7 24. Bc4 Nxc3 25. f5 Bxd4+ 26. Kf1 Nd5
27. fxg6+ Kxg6 28. Rg8+ Bg7 29. Bd3+ Kh6 30. Rh3+ Kg5 31. Rxh7 Kf6 32. h4 e5
33. Be4 Nc3 34. Bf5 e4 35. g4 e3 36. h5 e2+ 37. Ke1 Nb5 38. h6 Nd4 39. Rf8+
Bxf8 40. Rxe7 Bxe7 41. Bc8 Bb4+ 0-1

[Event "C.to Provinciale MO 2011"]
[Site "Modena ITA"]
[Date "2010.12.11"]
[Round "2"]
[White "Megli, Massimo"]
[Black "Ferraguti, Francesco"]
[Result "1/2-1/2"]
[WhiteElo "1684"]
[BlackElo "1790"]
[PlyCount "85"]
[EventDate "2010.12.10"]

1. e4 e5 2. Nf3 Nf6 3. Bc4 Nxe4 4. O-O d5 5. Bb3 Nc6 6. Nc3 Nxc3 7. dxc3 Be6 8.
Ng5 Be7 9. Nxe6 fxe6 10. Qh5+ g6 11. Qg4 Qd6 12. Rd1 Rg8 13. a4 h5 14. Qh3 Qd7
15. a5 O-O-O 16. c4 Nd4 17. Ba4 c6 18. Qe3 a6 19. Qxe5 Nf5 20. cxd5 exd5 21. c4
Bd6 22. Qc3 d4 23. Qc2 g5 24. c5 Bc7 25. b4 Be5 26. Qd3 Ne7 27. Re1 Bf6 28. Bb3
Nd5 29. Qf3 g4 30. Qxf6 Nxf6 31. Be6 Qxe6 32. Rxe6 Nd5 33. Bd2 Rge8 34. Rae1
Kd7 35. Rd6+ Kc7 36. Rh6 Rxe1+ 37. Bxe1 Re8 38. Kf1 Re5 39. Rh7+ Kc8 40. f3
Ne3+ 41. Kg1 Nf5 42. Rh8+ Kd7 43. Rh7+ 1/2-1/2

[Event "C.to Provinciale MO 2011"]
[Site "Modena ITA"]
[Date "2010.12.11"]
[Round "2"]
[White "Minelli, Giancarlo"]
[Black "Faglioni, Isacco"]
[Result "1-0"]
[WhiteElo "1386"]
[BlackElo "1476"]
[PlyCount "93"]
[EventDate "2010.12.10"]

1. e4 e5 2. Nf3 Nc6 3. Bb5 a6 4. Ba4 Bc5 5. O-O d6 6. c3 Nf6 7. Re1 b5 8. Bc2
Bg4 9. h3 Bh5 10. a3 O-O 11. b4 Bb6 12. d3 Re8 13. Nbd2 d5 14. Nf1 Qd7 15. Ng3
dxe4 16. dxe4 Qxd1 17. Bxd1 Rad8 18. Bg5 Bxf3 19. Bxf3 Rd6 20. Nf5 Rde6 21. h4
h6 22. Be3 Bxe3 23. Rxe3 g6 24. Nxh6+ Kg7 25. Ng4 Nxg4 26. Bxg4 Rf6 27. Rd1 Rd6
28. Rg3 Kh6 29. Rxd6 cxd6 30. Bd7 Rf8 31. Bxc6 f5 32. Rf3 Rf7 33. g4 Rc7 34.
g5+ Kh5 35. Be8 fxe4 36. Rf6 Kxh4 37. Bxg6 Rxc3 38. Bxe4 Kxg5 39. Rxd6 Kf4 40.
Bb7 Rxa3 41. Bxa6 Rb3 42. Bxb5 Rxb4 43. Ba6 e4 44. Rh6 e3 45. Rh4+ Kf3 46. Rxb4
exf2+ 47. Kf1 1-0